[Event "Bodensee-Cup 10th"]
[Site "Wasserburg"]
[Date "2004.05.08"]
[Round "2.3"]
[White "Siegel, Georg"]
[Black "Klundt, Klaus"]
[Result "1-0"]
[WhiteElo "2428"]
[BlackElo "2349"]
[PlyCount "71"]
[EventDate "2004.05.??"]
[SourceDate "2004.05.08"]
[WhiteTeam "Baden"]
[BlackTeam "Bayern"]
[WhiteTeamCountry "GER"]
[BlackTeamCountry "GER"]

1. Nf3 Nf6 2. c4 g6 3. Nc3 Bg7 4. e4 d6 5. d4 O-O 6. Be2 e5 7. O-O Nc6 8. d5
Ne7 9. b4 Nh5 10. Re1 a5 11. bxa5 Rxa5 12. a4 Nf4 13. Bf1 Bg4 14. h3 Bxf3 15.
Qxf3 f5 16. Bd2 b6 17. Nb5 Ra8 18. a5 fxe4 19. Qxe4 Nc8 20. axb6 Nxb6 21. Rxa8
Nxa8 22. g3 Nh5 23. Be3 Nf6 24. Qc2 Nb6 25. Bg2 Qd7 26. Rb1 Ra8 27. Nxc7 Qxc7
28. Rxb6 Bf8 29. Kh2 Nd7 30. Rc6 Qa5 31. Qd1 Re8 32. c5 Nxc5 33. Bxc5 dxc5 34.
d6 c4 35. Qg4 e4 36. d7 1-0

[Event "Bodensee-Cup 10th"]
[Site "Wasserburg"]
[Date "2004.05.08"]
[Round "2.4"]
[White "Riedel, Wolfgang"]
[Black "Wippermann, Till"]
[Result "0-1"]
[WhiteElo "2298"]
[BlackElo "2377"]
[PlyCount "138"]
[EventDate "2004.05.??"]
[SourceDate "2004.05.08"]
[WhiteTeam "Bayern"]
[BlackTeam "Baden"]
[WhiteTeamCountry "GER"]
[BlackTeamCountry "GER"]

1. d4 Nf6 2. c4 e5 3. dxe5 Ng4 4. Nf3 Bc5 5. e3 Nc6 6. a3 a5 7. Be2 O-O 8. Nc3
Re8 9. Ne4 Ba7 10. Ng3 Ngxe5 11. Nxe5 Nxe5 12. O-O d6 13. Bd2 Bb6 14. Rc1 Qh4
15. b4 axb4 16. axb4 c6 17. c5 dxc5 18. bxc5 Bc7 19. Qb3 Ng4 20. Bxg4 Qxg4 21.
f4 h5 22. Rf2 Ra7 23. Ne2 Be6 24. Qb1 Bf5 25. Qb3 h4 26. Nd4 Be4 27. h3 Qg6 28.
Nf3 Bd5 29. Qb1 Qh5 30. Ng5 f6 31. Nf3 Re4 32. Qd3 b5 33. cxb6 Bxb6 34. Rb1 Bc5
35. Rc1 Ra3 36. Rc3 Ra1+ 37. Rc1 Ra3 38. Rc3 Rxc3 39. Qxc3 Bb6 40. Qd3 Qe8 41.
Nd4 Qd7 42. Kh2 c5 43. Qb5 Qxb5 44. Nxb5 Re7 45. Nc3 Bc6 46. e4 c4 47. Re2 Bd4
48. g3 Rb7 49. gxh4 Rb2 50. Rg2 f5 51. Be1 Rxg2+ 52. Kxg2 fxe4 53. Ne2 Bf6 54.
Kg3 g6 55. Bc3 Be7 56. Be5 Kf7 57. Nc3 Ke6 58. Bd4 Bb7 59. Nd1 Kd5 60. Be5 Bc5
61. Nc3+ Ke6 62. Kg4 e3 63. Kg3 Kf5 64. Bc7 Bd4 65. Ne2 Bf6 66. Bb6 Ke4 67. h5
gxh5 68. f5 h4+ 69. Kg4 Bc8 0-1

[Event "Bodensee-Cup 10th"]
[Site "Wasserburg"]
[Date "2004.05.08"]
[Round "2.5"]
[White "Rau, Hannes"]
[Black "Kaiser, Wolfgang"]
[Result "1-0"]
[WhiteElo "2377"]
[BlackElo "2353"]
[PlyCount "73"]
[EventDate "2004.05.??"]
[SourceDate "2004.05.08"]
[WhiteTeam "Baden"]
[BlackTeam "Bayern"]
[WhiteTeamCountry "GER"]
[BlackTeamCountry "GER"]

1. d4 Nf6 2. c4 e6 3. Nc3 Bb4 4. Qc2 O-O 5. a3 Bxc3+ 6. Qxc3 b6 7. Bg5 Bb7 8.
e3 d6 9. f3 Nbd7 10. Bd3 c5 11. Ne2 Qc7 12. O-O Rac8 13. Rac1 Rfe8 14. Rfd1 h6
15. Bh4 cxd4 16. Nxd4 a6 17. Be2 d5 18. Qd2 dxc4 19. Bxc4 Qe5 20. Bg3 Qh5 21.
e4 b5 22. Ba2 Ne5 23. Qe2 Ng6 24. Rxc8 Bxc8 25. Qe3 Rd8 26. Rc1 Qg5 27. Qxg5
hxg5 28. Nc6 Rd2 29. Ne5 Ne7 30. Rc7 Kf8 31. Be1 Rd1 32. Kf2 Ne8 33. Rc2 f6 34.
Bb4 fxe5 35. Rxc8 a5 36. Bc5 Rd2+ 37. Ke3 1-0

[Event "Bodensee-Cup 10th"]
[Site "Wasserburg"]
[Date "2004.05.08"]
[Round "2.7"]
[White "Boguslavskyy, Oleg"]
[Black "Schunk, Eduard"]
[Result "1-0"]
[WhiteElo "2325"]
[BlackElo "2323"]
[PlyCount "76"]
[EventDate "2004.05.??"]
[SourceDate "2004.05.08"]
[WhiteTeam "Baden"]
[BlackTeam "Bayern"]
[WhiteTeamCountry "GER"]
[BlackTeamCountry "GER"]

1. e4 e5 2. Nf3 Nc6 3. Bb5 g6 4. O-O Bg7 5. c3 a6 6. Ba4 d6 7. h3 Nge7 8. d4
Bd7 9. dxe5 dxe5 10. Qe2 O-O 11. Bc2 h6 12. Rd1 Qe8 13. Nbd2 Be6 14. Nc4 f6 15.
Be3 Qf7 16. Bb3 Rfd8 17. Ncd2 b6 18. Ne1 f5 19. f4 fxe4 20. fxe5 Nxe5 21. Bc2
Nf5 22. Bf4 e3 23. Bxe3 Re8 24. Bf4 Bd5 25. Qf2 Nd6 26. Nd3 Nxd3 27. Bxd3 Ne4
28. Nxe4 Bxe4 29. Qg3 c6 30. Bc7 Ra7 31. Bxb6 Be5 32. Qf2 Qxf2+ 33. Bxf2 Bxd3
34. Bxa7 Bf5 35. Re1 Ra8 36. Rxe5 Rxa7 37. Rd1 Kf7 38. Rd6 Rc7 1-0

[Event "Bodensee-Cup 10th"]
[Site "Wasserburg"]
[Date "2004.05.08"]
[Round "2.8"]
[White "Koepke, Christian"]
[Black "Vatter, Hans Joachim"]
[Result "1-0"]
[WhiteElo "2241"]
[BlackElo "2299"]
[PlyCount "109"]
[EventDate "2004.05.??"]
[SourceDate "2004.05.08"]
[WhiteTeam "Bayern"]
[BlackTeam "Baden"]
[WhiteTeamCountry "GER"]
[BlackTeamCountry "GER"]

1. d4 d6 2. e4 Nf6 3. Nc3 Nbd7 4. f4 c5 5. d5 g6 6. Nf3 Bg7 7. e5 dxe5 8. fxe5
Ng4 9. e6 fxe6 10. Ng5 Bxc3+ 11. bxc3 Ndf6 12. Bb5+ Kf8 13. h3 exd5 14. hxg4
Bxg4 15. Qxg4 Nxg4 16. Ne6+ Kf7 17. Nxd8+ Raxd8 18. O-O+ Nf6 19. Be3 b6 20.
Rae1 Rd6 21. Bf4 Re6 22. Rd1 Rd8 23. Rd2 Kg7 24. Rfd1 h6 25. Bc7 Rc8 26. Bh2
Re4 27. Ba6 Rf8 28. Bb5 Rc8 29. Ba6 Rf8 30. Bb5 Rc8 31. a4 g5 32. Ra1 c4 33.
Ba6 Rc5 34. Bb5 e5 35. Rf1 Rc7 36. Rdf2 Ng4 37. Rf8 Nxh2 38. Kxh2 Rf4 39. R1xf4
gxf4 40. Rd8 Rc5 41. Rd6 h5 42. Kg1 Kf7 43. Kf2 Ke7 44. Rd7+ Ke6 45. Rxa7 Kf5
46. Ra6 d4 47. Rxb6 dxc3 48. a5 Rd5 49. a6 Rd2+ 50. Ke1 Rxc2 51. a7 f3 52. a8=Q
Re2+ 53. Kf1 fxg2+ 54. Kxe2 g1=Q 55. Bd7+ 1-0

[Event "Bodensee-Cup 10th"]
[Site "Wasserburg"]
[Date "2004.05.08"]
[Round "2.9"]
[White "Schwalfenberg, Joerg"]
[Black "Doeres, Hans Juergen"]
[Result "1/2-1/2"]
[WhiteElo "2363"]
[BlackElo "2257"]
[PlyCount "61"]
[EventDate "2004.05.??"]
[SourceDate "2004.05.08"]
[WhiteTeam "Baden"]
[BlackTeam "Bayern"]
[WhiteTeamCountry "GER"]
[BlackTeamCountry "GER"]

1. d4 d5 2. c4 c6 3. Nf3 Nf6 4. e3 Bf5 5. Nc3 e6 6. Bd3 Bxd3 7. Qxd3 Be7 8. O-O
O-O 9. e4 dxe4 10. Nxe4 Nxe4 11. Qxe4 Nd7 12. Bd2 Qb6 13. b4 Rfe8 14. a4 e5 15.
Qf5 e4 16. Qxe4 Bxb4 17. Qd3 Bxd2 18. Qxd2 Qc7 19. a5 Re4 20. a6 b6 21. Rfe1
Rae8 22. Rxe4 Rxe4 23. Qd3 Nf6 24. g3 h6 25. Kg2 Qd6 26. Rd1 Re7 27. Qf5 Qe6
28. Qxe6 Rxe6 29. Ne5 Rd6 30. Kf3 Kf8 31. Ke3 1/2-1/2

[Event "Bodensee-Cup 10th"]
[Site "Wasserburg"]
[Date "2004.05.08"]
[Round "2.10"]
[White "Lang, Stefan"]
[Black "Werner, Clemens"]
[Result "0-1"]
[WhiteElo "2265"]
[BlackElo "2319"]
[PlyCount "72"]
[EventDate "2004.05.??"]
[SourceDate "2004.05.08"]
[WhiteTeam "Bayern"]
[BlackTeam "Baden"]
[WhiteTeamCountry "GER"]
[BlackTeamCountry "GER"]

1. Nf3 c5 2. e4 d6 3. d4 cxd4 4. Nxd4 Nf6 5. Nc3 g6 6. Bg5 Bg7 7. Qd2 h6 8. Bh4
Nc6 9. O-O-O Nxd4 10. Qxd4 O-O 11. Qd2 Qa5 12. f3 Be6 13. Kb1 Rfc8 14. a3 b5
15. Nxb5 Qb6 16. Bf2 Qb7 17. Ka1 a6 18. Nd4 Rab8 19. Rb1 Nd7 20. Nxe6 fxe6 21.
Bd4 Bxd4 22. Qxd4 Rxc2 23. Bc4 Kh7 24. b4 Nf8 25. g4 Rc8 26. Bb3 e5 27. Qd1
R2c3 28. Ka2 Qb6 29. Rb2 Qc6 30. Qe2 Nd7 31. Rd1 Nb6 32. Rd3 Na4 33. Bd5 Qb5
34. Rbd2 Rc1 35. Bb3 Nc3+ 36. Rxc3 R8xc3 0-1

[Event "Bodensee-Cup 10th"]
[Site "Wasserburg"]
[Date "2004.05.08"]
[Round "2.11"]
[White "Metz, Hartmut"]
[Black "Lutz, Dieter"]
[Result "1/2-1/2"]
[WhiteElo "2309"]
[BlackElo "2153"]
[PlyCount "26"]
[EventDate "2004.05.??"]
[SourceDate "2004.05.08"]
[WhiteTeam "Baden"]
[BlackTeam "Bayern"]
[WhiteTeamCountry "GER"]
[BlackTeamCountry "GER"]

1. e4 c5 2. Nf3 e6 3. d4 cxd4 4. Nxd4 a6 5. c4 Nf6 6. Nc3 Qc7 7. Be3 Bb4 8. Qd3
Bxc3+ 9. bxc3 d6 10. Rd1 Nbd7 11. Nb3 Ne5 12. Qd4 Nc6 13. Qd3 Ne5 1/2-1/2

[Event "Bodensee-Cup 10th"]
[Site "Wasserburg"]
[Date "2004.05.08"]
[Round "2.12"]
[White "Lauer, Moritz"]
[Black "Schneider, Bernd2"]
[Result "1/2-1/2"]
[WhiteElo "2224"]
[BlackElo "2260"]
[PlyCount "109"]
[EventDate "2004.05.??"]
[SourceDate "2004.05.08"]
[WhiteTeam "Bayern"]
[BlackTeam "Baden"]
[WhiteTeamCountry "GER"]
[BlackTeamCountry "GER"]

1. e4 c5 2. Nf3 e6 3. c3 d5 4. exd5 Qxd5 5. d4 Nf6 6. Na3 Be7 7. Nb5 Na6 8. Be3
O-O 9. Be2 cxd4 10. Bxd4 Rd8 11. O-O Bd7 12. a4 Bc5 13. Bxf6 Qxd1 14. Rfxd1
gxf6 15. Rd2 Bc6 16. Rad1 Rdc8 17. Nfd4 Bxd4 18. Rxd4 Nc5 19. a5 f5 20. Nd6 Rc7
21. Nc4 Bb5 22. Kf1 Nb3 23. Rd8+ Rxd8 24. Rxd8+ Kg7 25. Nd6 Bc6 26. a6 bxa6 27.
Bxa6 Nc5 28. Be2 Na4 29. Rc8 Rxc8 30. Nxc8 Nxb2 31. Nxa7 Bd5 32. g3 e5 33. Ke1
Kf6 34. Kd2 Ke6 35. Nb5 Bb3 36. Na3 Kd5 37. Nc2 Kc5 38. Ne3 Be6 39. Bd3 Nxd3
40. Kxd3 f6 41. Ke2 Bd7 42. Kd2 Be6 43. h4 Bd7 44. h5 h6 45. Ng2 Kd5 46. Ne3+
Kc5 47. Kd3 Bc8 48. Ng2 Ba6+ 49. Ke3 Kd5 50. Nh4 Ke6 51. f3 Bc8 52. Ng6 Ba6 53.
Nh4 Bc8 54. Kd3 Kd5 55. Ng6 1/2-1/2

[Event "Bodensee-Cup 10th"]
[Site "Wasserburg"]
[Date "2004.05.08"]
[Round "2.1"]
[White "Schmittdiel, Eckhard"]
[Black "Jenni, Florian"]
[Result "1/2-1/2"]
[WhiteElo "2483"]
[BlackElo "2510"]
[PlyCount "31"]
[EventDate "2004.05.??"]
[SourceDate "2004.05.08"]
[WhiteTeam "Württemberg"]
[BlackTeam "Schweiz"]
[WhiteTeamCountry "GER"]
[BlackTeamCountry "SUI"]

1. e4 e5 2. Nf3 Nc6 3. Bb5 a6 4. Ba4 Nf6 5. O-O Be7 6. Bxc6 dxc6 7. d3 Nd7 8.
Nbd2 c5 9. Nc4 Bd6 10. a4 O-O 11. Bg5 f6 12. Be3 Nb8 13. Nfd2 Nc6 14. c3 Be6
15. Nxd6 cxd6 16. f4 1/2-1/2

[Event "Bodensee-Cup 10th"]
[Site "Wasserburg"]
[Date "2004.05.08"]
[Round "2.2"]
[White "Papa, Severin"]
[Black "Zeller, Frank"]
[Result "1-0"]
[WhiteElo "2405"]
[BlackElo "2424"]
[PlyCount "85"]
[EventDate "2004.05.??"]
[SourceDate "2004.05.08"]
[WhiteTeam "Schweiz"]
[BlackTeam "Württemberg"]
[WhiteTeamCountry "SUI"]
[BlackTeamCountry "GER"]

1. d4 Nf6 2. Bg5 e6 3. e4 h6 4. Bxf6 Qxf6 5. c3 d6 6. Bd3 e5 7. Ne2 Nc6 8. O-O
h5 9. Bb5 g5 10. Qa4 Bd7 11. d5 Nb8 12. Bxd7+ Nxd7 13. Ng3 g4 14. Nf5 h4 15.
Nd2 Rh5 16. Nc4 a6 17. Qc2 Qg6 18. Nce3 Bh6 19. Rae1 Nf6 20. c4 Nd7 21. b4 b6
22. Qa4 Kd8 23. Qc6 Ra7 24. Re2 a5 25. a3 Bf4 26. Rd1 axb4 27. axb4 g3 28. fxg3
hxg3 29. h3 Ra3 30. Nc2 Ra2 31. Ncd4 Rxf5 32. Rxa2 Be3+ 33. Kh1 exd4 34. exf5
Qxf5 35. Ra8+ Ke7 36. Qxc7 Kf6 37. Qd8+ Ke5 38. Qe7+ Kf4 39. Rf1+ Bf2 40. Qe2
Ne5 41. Rg8 Qe4 42. Rxf2+ gxf2 43. Qxf2+ 1-0

[Event "Bodensee-Cup 10th"]
[Site "Wasserburg"]
[Date "2004.05.08"]
[Round "2.4"]
[White "Ballmann, Martin"]
[Black "Schnepp, Gunnar"]
[Result "1-0"]
[WhiteElo "2421"]
[BlackElo "2343"]
[PlyCount "81"]
[EventDate "2004.05.??"]
[SourceDate "2004.05.08"]
[WhiteTeam "Schweiz"]
[BlackTeam "Württemberg"]
[WhiteTeamCountry "SUI"]
[BlackTeamCountry "GER"]

1. d4 Nf6 2. Nf3 g6 3. Bg5 Bg7 4. e3 O-O 5. Nbd2 d6 6. Bc4 h6 7. Bh4 Nc6 8. O-O
g5 9. Bg3 Nh5 10. c3 Nxg3 11. hxg3 a6 12. a4 d5 13. Ba2 g4 14. Ne1 f5 15. Nd3
e6 16. c4 Ne7 17. Nf4 c6 18. b4 Kh7 19. Bb1 Rg8 20. cxd5 cxd5 21. Bd3 Nc6 22.
b5 Nb4 23. bxa6 bxa6 24. Nb3 Bf8 25. Rc1 Bd6 26. Nc5 Qe8 27. Qd2 Bxc5 28. Rxc5
Nxd3 29. Nxd3 Qxa4 30. Rc7+ Rg7 31. Rfc1 Qe8 32. Rxg7+ Kxg7 33. Rc7+ Kg8 34. e4
Qd8 35. Qf4 dxe4 36. Nc5 Qxd4 37. Nxe4 Qd8 38. Nc5 Qf6 39. Qa4 Qd8 40. Qc6 Rb8
41. Nxe6 1-0

[Event "Bodensee-Cup 10th"]
[Site "Wasserburg"]
[Date "2004.05.08"]
[Round "2.5"]
[White "Hoensch, Matthias"]
[Black "Landenbergue, Claude"]
[Result "1/2-1/2"]
[WhiteElo "2291"]
[BlackElo "2394"]
[PlyCount "72"]
[EventDate "2004.05.??"]
[SourceDate "2004.05.08"]
[WhiteTeam "Württemberg"]
[BlackTeam "Schweiz"]
[WhiteTeamCountry "GER"]
[BlackTeamCountry "SUI"]

1. Nf3 Nf6 2. c4 e6 3. g3 d5 4. Bg2 Be7 5. O-O O-O 6. b3 c5 7. Bb2 Nc6 8. e3 d4
9. exd4 cxd4 10. Re1 Ne8 11. Ba3 f6 12. d3 e5 13. Bxe7 Qxe7 14. a3 a5 15. Nbd2
Nc7 16. Qc2 Na6 17. Ne4 Bf5 18. Nfd2 Rfc8 19. c5 Be6 20. Rac1 Nd8 21. f4 Nf7
22. Qb2 Nxc5 23. Nxc5 Rxc5 24. Rxc5 Qxc5 25. Bxb7 Rb8 26. Rc1 Qb5 27. Be4 f5
28. a4 Qb4 29. Bg2 exf4 30. gxf4 h6 31. Rc6 Rb6 32. Rxb6 Qxb6 33. Nf3 Qxb3 34.
Qxd4 Qd1+ 35. Kf2 Qc2+ 36. Kg1 Qd1+ 1/2-1/2

[Event "Bodensee-Cup 10th"]
[Site "Wasserburg"]
[Date "2004.05.08"]
[Round "2.6"]
[White "Hochstrasser, Michael"]
[Black "Lorscheid, Gerhard"]
[Result "0-1"]
[WhiteElo "2389"]
[BlackElo "2272"]
[PlyCount "92"]
[EventDate "2004.05.??"]
[SourceDate "2004.05.08"]
[WhiteTeam "Schweiz"]
[BlackTeam "Württemberg"]
[WhiteTeamCountry "SUI"]
[BlackTeamCountry "GER"]

1. d4 Nf6 2. c4 g6 3. Nc3 Bg7 4. e4 d6 5. f3 O-O 6. Bg5 c5 7. d5 e6 8. Qd2 exd5
9. cxd5 h6 10. Be3 Re8 11. a4 a6 12. Nge2 Nbd7 13. Nd1 Ne5 14. Nec3 Nh7 15. Be2
f5 16. O-O Nf7 17. Nf2 Qe7 18. Bd3 g5 19. f4 g4 20. Rae1 h5 21. exf5 Qf8 22. f6
Nxf6 23. Bg6 Re7 24. f5 Ne5 25. Bg5 Nxg6 26. fxg6 Rxe1 27. Qxe1 Bf5 28. Nfe4
Nxe4 29. Nxe4 Re8 30. Rxf5 Qxf5 31. Nf6+ Qxf6 32. Qxe8+ Qf8 33. Qe6+ Kh8 34. h3
g3 35. Qe2 Bd4+ 36. Be3 Kg7 37. Bxd4+ cxd4 38. Qe1 Qf4 39. Qe7+ Kxg6 40. Qe8+
Kf6 41. Qe6+ Kg5 42. h4+ Kxh4 43. Qe7+ Kg4 44. Qg7+ Kf5 45. Qh7+ Kf6 46. Qh8+
Ke7 0-1

[Event "Bodensee-Cup 10th"]
[Site "Wasserburg"]
[Date "2004.05.08"]
[Round "2.7"]
[White "Mueller, Ralf"]
[Black "Huss, Andreas"]
[Result "1/2-1/2"]
[WhiteElo "2326"]
[BlackElo "2343"]
[PlyCount "62"]
[EventDate "2004.05.??"]
[SourceDate "2004.05.08"]
[WhiteTeam "Württemberg"]
[BlackTeam "Schweiz"]
[WhiteTeamCountry "GER"]
[BlackTeamCountry "SUI"]

1. c4 e6 2. g3 Nf6 3. Bg2 d5 4. Nf3 Be7 5. O-O O-O 6. Qc2 c5 7. d4 cxd4 8. Nxd4
Nc6 9. Nxc6 bxc6 10. b3 a5 11. Nc3 Ba6 12. Na4 dxc4 13. Rd1 cxb3 14. axb3 Qc7
15. Be3 Rab8 16. Bc5 Bb5 17. Bf3 e5 18. Bxe7 Qxe7 19. Nc5 Rfd8 20. Rxd8+ Qxd8
21. Qc3 Qe7 22. Rxa5 e4 23. Bg2 Rd8 24. h3 h5 25. Ra2 Nd5 26. Qd4 Nf6 27. Qe3
Nd5 28. Qd4 f5 29. Rd2 Kh7 30. e3 Ra8 31. Kh2 Qf6 1/2-1/2

[Event "Bodensee-Cup 10th"]
[Site "Wasserburg"]
[Date "2004.05.08"]
[Round "2.8"]
[White "Umbach, Andreas"]
[Black "Gheng, Josef"]
[Result "0-1"]
[WhiteElo "2298"]
[BlackElo "2334"]
[PlyCount "88"]
[EventDate "2004.05.??"]
[SourceDate "2004.05.08"]
[WhiteTeam "Schweiz"]
[BlackTeam "Württemberg"]
[WhiteTeamCountry "SUI"]
[BlackTeamCountry "GER"]

1. e4 e5 2. Nf3 d6 3. d4 exd4 4. Qxd4 Nf6 5. Nc3 Be7 6. Bf4 O-O 7. O-O-O Nc6 8.
Qd2 Be6 9. Bb5 a6 10. Bxc6 bxc6 11. Rhe1 Rb8 12. e5 Nd5 13. Nd4 Nxf4 14. Nxc6
dxe5 15. Nxd8 Rbxd8 16. Qe3 Nxg2 17. Qxe5 Bd6 18. Qe4 Nxe1 19. Rxe1 Rfe8 20.
Qh4 Rb8 21. a3 h6 22. Rg1 Kf8 23. Qd4 g5 24. Ne4 Bf4+ 25. Kb1 Be5 26. Qc5+ Re7
27. b3 Rb5 28. Qc6 Rb6 29. Qc5 Bf5 30. f3 Bxe4 31. fxe4 Bxh2 32. Rd1 Rbe6 33.
Rh1 Be5 34. b4 g4 35. Qe3 Kg7 36. c4 Rg6 37. b5 axb5 38. cxb5 g3 39. Qf3 c6 40.
b6 c5 41. Kc2 Rxb6 42. Rh5 Rg6 43. Qg2 Bd4 44. e5 Bxe5 0-1

[Event "Bodensee-Cup 10th"]
[Site "Wasserburg"]
[Date "2004.05.08"]
[Round "2.9"]
[White "Bauer, Peter"]
[Black "Zenklusen, Rico"]
[Result "1-0"]
[WhiteElo "2259"]
[BlackElo "2306"]
[PlyCount "81"]
[EventDate "2004.05.??"]
[SourceDate "2004.05.08"]
[WhiteTeam "Württemberg"]
[BlackTeam "Schweiz"]
[WhiteTeamCountry "GER"]
[BlackTeamCountry "SUI"]

1. e4 c6 2. d4 d5 3. Nd2 dxe4 4. Nxe4 Nd7 5. Nf3 Ngf6 6. Nxf6+ Nxf6 7. Bd3 Bg4
8. c3 e6 9. h3 Bh5 10. O-O Bd6 11. Re1 Qc7 12. a4 O-O-O 13. a5 Rhe8 14. a6 b6
15. Bd2 Kb8 16. g4 Bg6 17. Bg5 Bxd3 18. Qxd3 h5 19. gxh5 Rh8 20. h6 Rdg8 21.
Kf1 Nd5 22. h7 Re8 23. c4 Nb4 24. Qb3 c5 25. Bd2 Rxh7 26. Bxb4 cxb4 27. c5 bxc5
28. Qd3 Reh8 29. dxc5 Qxc5 30. Rac1 Qb6 31. Ng5 Rh5 32. Nxf7 Rd5 33. Qe2 Rf8
34. Qxe6 Qxa6+ 35. Kg2 Rd2 36. Re4 Qb6 37. Rf1 Bc7 38. Qe7 Qg6+ 39. Ng5 Bd6 40.
Rxb4+ Bxb4 41. Qxb4+ 1-0

[Event "Bodensee-Cup 10th"]
[Site "Wasserburg"]
[Date "2004.05.08"]
[Round "2.10"]
[White "Fierz, Martin"]
[Black "Stoll, Ferdinand"]
[Result "0-1"]
[WhiteElo "2289"]
[BlackElo "2262"]
[PlyCount "70"]
[EventDate "2004.05.??"]
[SourceDate "2004.05.08"]
[WhiteTeam "Schweiz"]
[BlackTeam "Württemberg"]
[WhiteTeamCountry "SUI"]
[BlackTeamCountry "GER"]

1. e4 c5 2. Nf3 d6 3. d4 cxd4 4. Nxd4 Nf6 5. Nc3 g6 6. Be3 Bg7 7. f3 Nc6 8. Qd2
Bd7 9. O-O-O h5 10. Bc4 Rc8 11. Bb3 O-O 12. h3 Ne5 13. f4 Rxc3 14. Qxc3 Nxe4
15. Qe1 Nc6 16. Nxc6 Bxc6 17. g4 Nf6 18. Rg1 a5 19. a4 Bf3 20. Rd3 hxg4 21. Bd4
d5 22. hxg4 Be4 23. Rh3 Qd7 24. f5 Rc8 25. Rc3 Rxc3 26. Qxc3 b6 27. g5 Nh5 28.
f6 exf6 29. Bxb6 fxg5 30. Qxa5 g4 31. Qa8+ Kh7 32. a5 Qe7 33. Qa7 Qf6 34. c3
Bh6+ 35. Be3 Qf2 0-1

[Event "Bodensee-Cup 10th"]
[Site "Wasserburg"]
[Date "2004.05.08"]
[Round "2.11"]
[White "Behm, Simon"]
[Black "Carron, Julien"]
[Result "1-0"]
[WhiteElo "2071"]
[BlackElo "2273"]
[PlyCount "63"]
[EventDate "2004.05.??"]
[SourceDate "2004.05.08"]
[WhiteTeam "Württemberg"]
[BlackTeam "Schweiz"]
[WhiteTeamCountry "GER"]
[BlackTeamCountry "SUI"]

1. d4 Nf6 2. c4 e6 3. Nc3 Bb4 4. Qc2 O-O 5. a3 Bxc3+ 6. Qxc3 b6 7. Bg5 Bb7 8.
e3 h6 9. Bh4 d6 10. f3 Nbd7 11. Bd3 c5 12. Ne2 Rc8 13. O-O d5 14. b3 cxd4 15.
exd4 a5 16. Bg3 Ba6 17. Nf4 dxc4 18. bxc4 Bxc4 19. Bxc4 b5 20. Nxe6 fxe6 21.
Bxe6+ Kh8 22. Qb3 Qb6 23. Bf2 a4 24. Qa2 Rc3 25. Rac1 Rfc8 26. Rxc3 Rxc3 27. d5
Qd6 28. Qb2 Rb3 29. Qc2 Ne5 30. Qc8+ Kh7 31. Bc5 Nxf3+ 32. gxf3 1-0

[Event "Bodensee-Cup 10th"]
[Site "Wasserburg"]
[Date "2004.05.08"]
[Round "2.12"]
[White "Antognini, Francesco"]
[Black "Hirneise, Tobias"]
[Result "1-0"]
[WhiteElo "2193"]
[BlackElo "1960"]
[PlyCount "53"]
[EventDate "2004.05.??"]
[SourceDate "2004.05.08"]
[WhiteTeam "Schweiz"]
[BlackTeam "Württemberg"]
[WhiteTeamCountry "SUI"]
[BlackTeamCountry "GER"]

1. e4 c5 2. Nf3 Nc6 3. d4 cxd4 4. Nxd4 Nf6 5. Nc3 e5 6. Ndb5 d6 7. a4 a6 8. Na3
Bg4 9. f3 Be6 10. Be3 d5 11. exd5 Nxd5 12. Nxd5 Bxd5 13. Nc4 Bxc4 14. Qxd8+
Rxd8 15. Bxc4 Nd4 16. O-O-O Be7 17. Rhe1 Rd6 18. f4 Nc6 19. Bd5 f6 20. Bc5 Rd8
21. Bb6 Ra8 22. a5 Bd8 23. Bxc6+ bxc6 24. fxe5 fxe5 25. Rxe5+ Kf7 26. Rd7+ Kf6
27. Bd4 1-0

[Event "Bodensee-Cup 10th"]
[Site "Wasserburg"]
[Date "2004.05.09"]
[Round "3.1"]
[White "Jenni, Florian"]
[Black "Gschnitzer, Oswald"]
[Result "0-1"]
[WhiteElo "2510"]
[BlackElo "2428"]
[PlyCount "74"]
[EventDate "2004.05.??"]
[SourceDate "2004.05.08"]
[WhiteTeam "Schweiz"]
[BlackTeam "Baden"]
[WhiteTeamCountry "SUI"]
[BlackTeamCountry "GER"]

1. e4 c5 2. Nf3 d6 3. d4 cxd4 4. Nxd4 Nf6 5. Nc3 Nc6 6. f3 e5 7. Nb3 Be7 8. Be3
Be6 9. Nd5 Bxd5 10. exd5 Nb4 11. c4 a5 12. Be2 Nd7 13. O-O O-O 14. Qd2 b6 15.
f4 exf4 16. Bxf4 Ne5 17. Nd4 Bf6 18. a3 Na6 19. b4 Nb8 20. Be3 Re8 21. Rxf6
Qxf6 22. Rf1 Qd8 23. b5 Qc7 24. Nf5 f6 25. h4 Nbd7 26. Bh6 g6 27. Ne3 Re7 28.
Kh1 Rae8 29. Qc3 Nf7 30. Bf4 Qc5 31. Rf3 Re4 32. g3 Nde5 33. Rf1 g5 34. hxg5
fxg5 35. Nf5 Rxe2 36. Bxe5 R2xe5 37. Qf3 Re1 0-1

[Event "Bodensee-Cup 10th"]
[Site "Wasserburg"]
[Date "2004.05.09"]
[Round "3.2"]
[White "Miltner, Arndt"]
[Black "Papa, Severin"]
[Result "0-1"]
[WhiteElo "2390"]
[BlackElo "2405"]
[PlyCount "96"]
[EventDate "2004.05.??"]
[SourceDate "2004.05.08"]
[WhiteTeam "Baden"]
[BlackTeam "Schweiz"]
[WhiteTeamCountry "GER"]
[BlackTeamCountry "SUI"]

1. d4 d5 2. Nf3 Nf6 3. Nbd2 Bf5 4. e3 e6 5. Be2 Bd6 6. c4 c6 7. a3 Nbd7 8. b4
O-O 9. Bb2 Ne4 10. h3 Nxd2 11. Qxd2 Be4 12. Rc1 dxc4 13. Bxc4 a5 14. b5 Qe7 15.
bxc6 bxc6 16. Bd3 Bxf3 17. gxf3 Bxa3 18. Bxa3 Qxa3 19. Rxc6 Rfd8 20. Qc3 Qe7
21. f4 Nf6 22. Ke2 Nd5 23. Qc5 Qh4 24. Be4 Rab8 25. Qxa5 Rb2+ 26. Rc2 Rxc2+ 27.
Bxc2 Rc8 28. Bd3 Qh5+ 29. Kd2 Qf3 30. Rh2 Nxf4 31. Ba6 Ra8 32. Qc7 Nd5 33. Qb7
Rd8 34. Be2 Qf6 35. Bc4 Ne7 36. Ke2 Nf5 37. Rg2 Nxd4+ 38. exd4 Qxd4 39. Rg4
Qd1+ 40. Ke3 h5 41. Re4 Qe1+ 42. Kf3 Qh1+ 43. Ke2 Rd1 44. Qc8+ Kh7 45. Rf4 Qf1+
46. Ke3 Qxh3+ 47. Rf3 Qg4 48. Qc5 f5 0-1

[Event "Bodensee-Cup 10th"]
[Site "Wasserburg"]
[Date "2004.05.09"]
[Round "3.4"]
[White "Wippermann, Till"]
[Black "Kaenel, Hansjuerg"]
[Result "0-1"]
[WhiteElo "2377"]
[BlackElo "2348"]
[PlyCount "138"]
[EventDate "2004.05.??"]
[SourceDate "2004.05.08"]
[WhiteTeam "Baden"]
[BlackTeam "Schweiz"]
[WhiteTeamCountry "GER"]
[BlackTeamCountry "SUI"]

1. e4 c5 2. Nc3 e6 3. f4 a6 4. g3 b5 5. Bg2 Bb7 6. Qe2 Nc6 7. Nf3 Nd4 8. Nxd4
cxd4 9. Nd1 Rc8 10. c3 Bc5 11. d3 d5 12. cxd4 Bxd4 13. Be3 dxe4 14. dxe4 Nf6
15. e5 Bxg2 16. Qxg2 Ng4 17. Bxd4 Qxd4 18. Qe2 O-O 19. h3 Nh6 20. Ne3 Nf5 21.
Nxf5 exf5 22. Rd1 Qb6 23. Kf1 f6 24. e6 Rfe8 25. Re1 Rc4 26. Qd3 Qc6 27. Rh2
Rxe6 28. Rxe6 Qxe6 29. Re2 Re4 30. b3 Kf7 31. Rd2 Kg6 32. Kf2 Qb6+ 33. Kg2 Re1
34. Rf2 Qc6+ 35. Qf3 Qe4 36. Qxe4 fxe4 37. f5+ Kg5 38. h4+ Kh5 39. Rf4 g5 40.
fxg6 Kxg6 41. g4 Re2+ 42. Kg3 Rxa2 43. Rxe4 Ra3 44. Rb4 f5 45. Kf4 fxg4 46.
Kxg4 h5+ 47. Kf4 Kf6 48. Ke4 Ke6 49. Kd4 Ra1 50. Kc5 Rg1 51. Rd4 Rg3 52. Rd6+
Kf5 53. Kb4 a5+ 54. Kxa5 Rxb3 55. Rd4 Ke5 56. Rd8 Kf4 57. Rg8 Rg3 58. Rf8+ Kg4
59. Kxb5 Kxh4 60. Kc4 Kh3 61. Kd4 h4 62. Rf2 Ra3 63. Ke4 Kg3 64. Rf8 h3 65.
Rg8+ Kf2 66. Rh8 Kg2 67. Rb8 h2 68. Rb2+ Kg3 69. Rb1 Ra2 0-1

[Event "Bodensee-Cup 10th"]
[Site "Wasserburg"]
[Date "2004.05.09"]
[Round "3.5"]
[White "Landenbergue, Claude"]
[Black "Rau, Hannes"]
[Result "1/2-1/2"]
[WhiteElo "2394"]
[BlackElo "2377"]
[PlyCount "39"]
[EventDate "2004.05.??"]
[SourceDate "2004.05.08"]
[WhiteTeam "Schweiz"]
[BlackTeam "Baden"]
[WhiteTeamCountry "SUI"]
[BlackTeamCountry "GER"]

1. e4 c5 2. Nf3 d6 3. Bb5+ Nd7 4. d4 Ngf6 5. Nc3 a6 6. Bxd7+ Nxd7 7. O-O e6 8.
d5 e5 9. a4 b6 10. Nd2 Be7 11. Nc4 O-O 12. f4 Re8 13. fxe5 Nxe5 14. Nxe5 dxe5
15. Qf3 f6 16. Nd1 Bd7 17. Ne3 b5 18. axb5 axb5 19. Bd2 c4 20. c3 1/2-1/2